000 00280nam a22001097a 4500
999 _c166177
_d166177
082 _a
_b
100 _aSanthosh Bharathiya
245 _aPatrakarita:
_bnaya daur naye pratiman/
_cby Santhosh Bharathiya.
260 _aNew Delhi:
_bRadhakrishna,
_c2005.
650 _a
942 _cBK